[Event "CalChess-ch"]
[Site "Monterey Park"]
[Date "2002.04.07"]
[Round "6"]
[White "Lai, Jaime"]
[Black "Mabray, Miles"]
[Result "0-1"]
[WhiteElo "1125"]
[BlackElo "1181"]
[PlyCount "52"]
[EventDate "2002.??.??"]
[EventType "swiss"]
[EventRounds "6"]
[EventCountry "USA"]
[SourceTitle "EXT 2007"]
[Source "ChessBase"]
[SourceDate "2006.11.23"]
[SourceVersion "1"]
[SourceVersionDate "2006.11.23"]
[SourceQuality "1"]

1. e4 c5 2. Nf3 d6 3. d4 cxd4 4. Nxd4 Nf6 5. Nc3 e6 6. Be2 Nc6 7. 0-0 Bd7 8. Bg5 Be7 9. Re1 e5 10. Nxc6 bxc6 11. Bxf6 Bxf6 12. Qxd6 Qe7 13. Qxe7+ Bxe7 14. Rad1 Be6 15. Ba6 0-0 16. Bb7 Rab8 17. Bxc6 Rxb2 18. Bd5 Bxd5 19. Nxd5 Bc5 20. Re2 Rxa2 21. h3 h6 22. Rd3 f6 23. Rc3 Bb6 24. Rb3 Rb8 25. Ne7+ Kh7 26. Rf3 Bc7 0-1